| Tag |
First Indicator |
Second Indicator |
Subfields |
| LEADER |
00000cam a22000007i 4500 |
| 001 |
in00003969737 |
| 006 |
m |o d | |
| 007 |
cr |n||||||||| |
| 008 |
180209t20182018enk o 000 0 eng d |
| 005 |
20250816222845.1 |
| 020 |
|
|
|a 9781784503932 (electronic bk.)
|
| 020 |
|
|
|a 1784503932 (electronic bk.)
|
| 020 |
|
|
|z 9781785921292
|
| 020 |
|
|
|z 1785921290
|
| 024 |
8 |
|
|a 40027906529
|
| 035 |
|
|
|a (NhCcYBP)ebc5215488
|
| 040 |
|
|
|a NhCcYBP
|c NhCcYBP
|d UtOrBLW
|
| 050 |
|
4 |
|a HQ773.8
|b .M55 2018
|
| 060 |
|
4 |
|a WS 350.8.P4
|
| 082 |
0 |
4 |
|a 618.92/85882
|2 23
|
| 100 |
1 |
|
|a Miller, Andrew,
|e author.
|0 http://id.loc.gov/authorities/names/n85127893
|
| 245 |
1 |
0 |
|a All about me :
|b a step-by-step guide to telling children and young people on the autism spectrum about their diagnosis /
|c Andrew Miler.
|
| 264 |
|
1 |
|a London, UK ;
|a Philadelphia, PA, USA :
|b Jessica Kingsley Publishers,
|c 2018.
|
| 264 |
|
4 |
|c ©2018
|
| 300 |
|
|
|a 1 online resource.
|
| 336 |
|
|
|a text
|b txt
|2 rdacontent
|
| 337 |
|
|
|a computer
|b c
|2 rdamedia
|
| 338 |
|
|
|a online resource
|b cr
|2 rdacarrier
|
| 588 |
|
|
|a Description based on print version record.
|
| 500 |
|
|
|a Electronic resource.
|
| 650 |
|
0 |
|a Autism spectrum disorders in children.
|0 http://id.loc.gov/authorities/subjects/sh2011000550
|
| 650 |
|
2 |
|a Autism Spectrum Disorder.
|0 https://id.nlm.nih.gov/mesh/D000067877
|
| 655 |
|
7 |
|a Electronic books.
|2 local
|
| 710 |
2 |
|
|a ProQuest (Firm)
|0 http://id.loc.gov/authorities/names/n2007068018
|
| 776 |
1 |
8 |
|c Original
|z 9781785921292
|z 1785921290
|
| 856 |
4 |
0 |
|u https://ebookcentral.proquest.com/lib/tamucs/detail.action?docID=5215488
|y Connect to the full text of this electronic book
|t 0
|
| 955 |
|
|
|a YBP purchased approval e-records
|
| 980 |
|
|
|b 61.25
|g 1
|
| 987 |
|
|
|a ybp15087194
|
| 999 |
f |
f |
|s 8a71ea90-f9f4-3e55-be01-7396bab6556c
|i c280b095-86b6-3bba-b000-989a085ba142
|t 0
|
| 952 |
f |
f |
|a Texas A&M University
|b College Station
|c Electronic Resources
|d Available Online
|t 0
|e HQ773.8 .M55 2018
|h Library of Congress classification
|
| 998 |
f |
f |
|a HQ773.8 .M55 2018
|t 0
|l Available Online
|